000 01335nam a22002777a 4500
999 _c6740
_d6740
003 OSt
005 20200704130252.0
008 200704b2014 ck ||||fr|||| 00| 0 spa d
020 _a9789587711295
040 _aCO-JMCR
_cCO-JMCR
041 0 _aspa
082 0 4 _a336.24 /
_bG216i1
_223
100 1 _aGarcía Restrepo, Javier,
_eautor
_96663
245 1 0 _aImpuesto de renta :
_blas grandes falencias del contribuyente /
_cJavier E. García Restrepo
250 _aSegunda edición
260 _aBogotá :
_bEcoe,
_c2014
300 _axv, 350 páginas ;
_c24 cm.
490 0 _aCiencias empresariales. Impuestos
500 _aIncluye glosario.
504 _aBibliografía: páginas 349-350
505 0 _aNo leer el Estatuto Tributario de acuerdo con las coherencias -- Predicar que todos los dividendos son no constitutivos de renta ni ganancia ocasional -- Solicitar como I.N.C.R.N.G.O la indemnización por daño emergente conjuntamente con el costo fiscal
520 _aAhora, a la luz de la Ley 1607 de 2012 se tratan aquellos pecados o falencias considerados importantes, y con la seguridad de que cada vez que lea una norma, actual o no, o cuando se entienda mejor el suceder tributario.
650 1 4 _aImpuestos sobre la renta
_zColombia
_96666
650 1 4 _aCuentas de orden fiscal
_zColombia
_96666
942 _2ddc
_cBK